Statistics for Most Popular Dunkin' Donuts

Click here to take the quiz!

General Stats

  • This quiz has been taken 29 times
  • The average score is 3 of 10

Answer Stats

HintAnswer% Correct
9Chocolate Glazed
52%
1Chocolate Frosted
48%
10Double Chocolate
48%
8Strawberry Frosted with Sprinkles
43%
5French Cruller
30%
2Original Glazed
22%
3Chocolate Stick
17%
4Glazed Stick
17%
6Maple Frosted with Sprinkles
13%
7Blueberry Cake
9%

Score Distribution

Percentile by Number Answered

Percent of People with Each Score

Your Score History

You have not taken this quiz